[Event "Olympiad-44"]
[Site "Chennai"]
[Date "2022.08.03"]
[Round "6.3"]
[White "Sanches, Casanova Romario"]
[Black "Merhawi Gebrehiwet, Samuel"]
[Result "1/2-1/2"]
[WhiteElo "2066"]
[BlackElo "1616"]
[PlyCount "116"]
[EventDate "2022.07.29"]
[EventType "team-swiss"]
[EventRounds "11"]
[EventCountry "IND"]
[SourceTitle "CBM 210"]
[Source "ChessBase"]
[SourceDate "2022.10.31"]
[SourceVersion "1"]
[SourceVersionDate "2022.10.31"]
[SourceQuality "1"]
[WhiteTeam "Surinam"]
[BlackTeam "Eritrea"]
[WhiteTeamCountry "SUR"]
[BlackTeamCountry "ERI"]

1. e4 c5 2. Nc3 Nc6 3. g3 g6 4. Bg2 Bg7 5. Nge2 e6 6. d3 Nge7 7. Be3 b6 8. Qd2 h6 9. 0-0 Bb7 10. Rab1 e5 11. f4 d6 12. Nd5 Nxd5 13. exd5 Ne7 14. c4 Nf5 15. Bf2 h5 16. b4 cxb4 17. Rxb4 h4 18. d4 hxg3 19. hxg3 exf4 20. Nxf4 Qf6 21. Re1+ Kf8 22. c5 g5 23. Ne6+ fxe6 24. Rxe6 Qf7 25. Qxg5 Rh5 26. Qg6 Qxg6 27. Rxg6 dxc5 28. dxc5 Ne7 29. c6 Nxg6 30. cxb7 Rb8 31. d6 Be5 32. Rb5 Rg5 33. a4 Bf6 34. Rb1 Ne5 35. Rc1 Nd7 36. Rc8+ Kf7 37. Rc7 Ke8 38. Bc6 Rg7 39. Rc8+ Kf7 40. Bxd7 Rxb7 41. Bc6 Ke6 42. Bxb7 Rxb7 43. Rc7 Rxc7 44. dxc7 Kd7 45. Kf1 Kxc7 46. Ke2 Kc6 47. Kd3 Kd5 48. Be3 Be5 49. g4 Bg7 50. g5 Kc6 51. g6 Kd5 52. Bf2 Bf6 53. Be3 Bg7 54. Bd2 a6 55. Bc3 Bxc3 56. Kxc3 Ke6 57. Kd4 b5 58. axb5 axb5 1/2-1/2

[Event "Online Olym Div3 E"]
[Site "Chess.com INT"]
[Date "2020.08.08"]
[Round "4.2"]
[White "Leon Archibaldo, Orlando Andres"]
[Black "Sanches, Casanova Romario"]
[Result "1-0"]
[WhiteElo "2220"]
[BlackElo "2066"]
[PlyCount "41"]
[EventDate "2020.08.07"]
[EventType "team-tourn (rapid)"]
[EventRounds "9"]
[EventCountry "USA"]
[SourceTitle "CBM 198"]
[Source "ChessBase"]
[SourceDate "2020.10.31"]
[SourceVersion "1"]
[SourceVersionDate "2020.10.31"]
[SourceQuality "1"]
[WhiteTeam "Panama"]
[BlackTeam "Surinam"]
[WhiteTeamCountry "PAN"]
[BlackTeamCountry "SUR"]

1. e4 c5 2. Nf3 d6 3. d4 cxd4 4. Nxd4 Nf6 5. Nc3 a6 6. Bg5 Nbd7 7. Qf3 e6 8. 0-0-0 Be7 9. g4 h6 10. Bh4 Ne5 11. Qe2 g5 12. Bg3 Qa5 13. h4 gxh4 14. Bxh4 b5 15. f4 Nc4 16. Nc6 Qc7 17. Nxe7 Kxe7 18. e5 dxe5 19. Ne4 Kf8 20. Bxf6 Rh7 21. Rd8+ 1-0

[Event "American Continental 15th"]
[Site "Sao Paulo"]
[Date "2019.07.09"]
[Round "7"]
[White "Sanches, Casanova Romario"]
[Black "Terao, Juliana Sayumi"]
[Result "1/2-1/2"]
[WhiteElo "2014"]
[BlackElo "2213"]
[PlyCount "85"]
[EventDate "2019.07.05"]
[EventType "swiss"]
[EventRounds "11"]
[EventCountry "BRA"]
[SourceTitle "CBM 191 Extra"]
[Source "ChessBase"]
[SourceDate "2019.09.30"]
[SourceVersion "1"]
[SourceVersionDate "2019.09.30"]
[SourceQuality "1"]

1. e4 c5 2. Nc3 e6 3. g3 Nc6 4. Bg2 g6 5. d3 Bg7 6. Be3 d6 7. Qd2 a6 8. Nge2 Nd4 9. 0-0 Ne7 10. f4 0-0 11. Nd1 d5 12. Nxd4 cxd4 13. Bf2 dxe4 14. dxe4 e5 15. c3 dxc3 16. Qxd8 Rxd8 17. Nxc3 Be6 18. Rfd1 exf4 19. gxf4 Bg4 20. Rxd8+ Rxd8 21. e5 b5 22. a3 Rd2 23. Ne4 Rxb2 24. Nf6+ Bxf6 25. exf6 Nf5 26. h3 Be2 27. Re1 h5 28. Bf1 Bxf1 29. Re8+ Kh7 30. Kxf1 Rb3 31. Rf8 Nh6 32. Kg2 Rxa3 33. Bh4 Nf5 34. Bg5 Rg3+ 35. Kf2 Rxh3 36. Rxf7+ Kg8 37. Ra7 Re3 38. Rxa6 Kf8 39. Ra7 Ke8 40. Ra8+ Kf7 41. Ra7+ Kf8 42. Ra8+ Kf7 43. Ra7+ 1/2-1/2

[Event "Olympiad-43"]
[Site "Batumi"]
[Date "2018.09.26"]
[Round "3.56"]
[White "Sanches, Casanova Romario"]
[Black "Jeitz, Christian"]
[Result "0-1"]
[WhiteElo "2029"]
[BlackElo "2220"]
[PlyCount "50"]
[EventDate "2018.09.24"]
[EventType "team-swiss"]
[EventRounds "11"]
[EventCountry "GEO"]
[SourceTitle "CBM 187"]
[Source "ChessBase"]
[SourceDate "2018.12.11"]
[SourceVersion "1"]
[SourceVersionDate "2018.12.11"]
[SourceQuality "1"]
[WhiteTeam "Surinam"]
[BlackTeam "Luxembourg"]
[WhiteTeamCountry "SUR"]
[BlackTeamCountry "LUX"]

1. e4 c5 2. Nc3 Nc6 3. g3 g6 4. Bg2 Bg7 5. d3 d6 6. Be3 e6 7. Qd2 Rb8 8. Nge2 Nd4 9. 0-0 Ne7 10. Nd1 0-0 11. c3 Nxe2+ 12. Qxe2 b5 13. f4 b4 14. d4 bxc3 15. bxc3 cxd4 16. Bxd4 Bxd4+ 17. cxd4 d5 18. exd5 Nxd5 19. Qd2 Ba6 20. Re1 Qd6 21. Ne3 Nxe3 22. Qxe3 Rb2 23. d5 Bb7 24. Rab1 Rxg2+ 25. Kxg2 Qxd5+ 0-1

[Event "Paramaribo Srefidensi 4th"]
[Site "Paramaribo"]
[Date "2016.11.23"]
[Round "2"]
[White "Bruzon Batista, Lazaro"]
[Black "Sanches, Casanova Romario"]
[Result "1-0"]
[WhiteElo "2618"]
[BlackElo "2098"]
[PlyCount "75"]
[EventDate "2016.11.22"]
[EventType "tourn"]
[EventRounds "9"]
[EventCountry "SUR"]
[SourceTitle "CBM 175 Extra"]
[Source "ChessBase"]
[SourceDate "2016.12.12"]
[SourceVersion "1"]
[SourceVersionDate "2016.12.12"]
[SourceQuality "1"]

1. d4 Nf6 2. Nf3 g6 3. g3 Bg7 4. Bg2 0-0 5. 0-0 d5 6. c4 c6 7. cxd5 cxd5 8. Ne5 Nbd7 9. Nc3 e6 10. Nd3 Ne8 11. e3 Nd6 12. b3 Nf6 13. Ba3 Re8 14. Rc1 a6 15. Rc2 Nb5 16. Nxb5 axb5 17. Bb4 Bd7 18. Ne5 Bc6 19. Qf3 Bf8 20. Bxf8 Rxf8 21. Rfc1 b4 22. Qe2 Qa5 23. Qe1 Rfc8 24. Nd3 Bd7 25. Qxb4 Qxb4 26. Nxb4 Rcb8 27. Rc7 Bc6 28. Rc2 Bb5 29. Bf1 Bxf1 30. Kxf1 Ne4 31. Ke2 Nd6 32. Rd7 Ne8 33. f3 f6 34. Re7 Ra5 35. a4 Kf8 36. Rxe6 Kf7 37. Rb6 f5 38. Nc6 1-0

[Event "Olympiad-42"]
[Site "Baku"]
[Date "2016.09.13"]
[Round "11.3"]
[White "Sanches, Casanova Romario"]
[Black "Aithmidou, Mohamed Mehdi"]
[Result "0-1"]
[WhiteElo "2082"]
[BlackElo "2229"]
[PlyCount "122"]
[EventDate "2016.09.02"]
[EventType "team-swiss"]
[EventRounds "11"]
[EventCountry "AZE"]
[SourceTitle "CBM 175"]
[Source "ChessBase"]
[SourceDate "2016.11.10"]
[SourceVersion "1"]
[SourceVersionDate "2016.11.10"]
[SourceQuality "1"]
[WhiteTeam "Surinam"]
[BlackTeam "Morocco"]
[WhiteTeamCountry "SUR"]
[BlackTeamCountry "MAR"]

1. e4 e6 2. d3 d5 3. Nd2 Nf6 4. Ngf3 Bc5 5. e5 Nfd7 6. g3 f6 7. d4 Bb6 8. Nb3 c5 9. exf6 Qxf6 10. Bg5 Qf7 11. Qe2 0-0 12. Bf4 cxd4 13. 0-0-0 e5 14. Nxe5 Nxe5 15. Bxe5 d3 16. Qxd3 Bf5 17. Qd2 Be4 18. f3 Qxf3 19. Be2 Qf2 20. Nd4 Bxh1 21. Qg5 Rf7 22. Rf1 h6 23. Qg4 Qe3+ 24. Kd1 Rxf1+ 25. Bxf1 Qxe5 26. Nf5 Kh8 27. Bd3 Be4 28. Nxh6 gxh6 29. Qc8+ Kg7 30. Qxb7+ Qc7 31. Qxa8 Bf3+ 32. Kd2 Be3+ 33. Kxe3 Bg2 34. Kf2 Bh1 35. Kg1 Bf3 36. Kf2 Bg4 37. Qxd5 Qb6+ 38. Kg2 Qc6 39. Qxc6 Nxc6 40. a3 Kf6 41. Kf2 Ke5 42. Ke3 Ne7 43. b4 Nd5+ 44. Kd2 Kd4 45. Bg6 Nc3 46. Bd3 Nb1+ 47. Kc1 Nxa3 48. Kb2 Nc4+ 49. Kb3 Be6 50. Bh7 Nb6+ 51. Ka3 Kc3 52. Be4 a6 53. Bc6 Kxc2 54. h4 Bb3 55. b5 a5 56. Be4+ Kc3 57. Bd3 a4 58. Be2 Nd5 59. b6 Nb4 60. Bd1 Bxd1 61. b7 Bb3 0-1

[Event "Olympiad-42"]
[Site "Baku"]
[Date "2016.09.12"]
[Round "10.4"]
[White "Sanches, Casanova Romario"]
[Black "Emuakpeje, Ochuko"]
[Result "1/2-1/2"]
[WhiteElo "2082"]
[BlackElo "2272"]
[PlyCount "190"]
[EventDate "2016.09.02"]
[EventType "team-swiss"]
[EventRounds "11"]
[EventCountry "AZE"]
[SourceTitle "CBM 175"]
[Source "ChessBase"]
[SourceDate "2016.11.10"]
[SourceVersion "1"]
[SourceVersionDate "2016.11.10"]
[SourceQuality "1"]
[WhiteTeam "Surinam"]
[BlackTeam "Nigeria"]
[WhiteTeamCountry "SUR"]
[BlackTeamCountry "NGR"]

1. e4 c5 2. Nc3 d6 3. g3 Nc6 4. Bg2 Nf6 5. d3 e6 6. Nge2 Be7 7. 0-0 d5 8. exd5 exd5 9. Nf4 d4 10. Ncd5 0-0 11. Nxe7+ Nxe7 12. Nh5 Qb6 13. Nxf6+ Qxf6 14. Re1 Nc6 15. Qh5 Bf5 16. Bg5 Qg6 17. Qxg6 hxg6 18. Be7 Nxe7 19. Rxe7 c4 20. g4 Bxg4 21. Bxb7 Rae8 22. Rxe8 Rxe8 23. dxc4 Rb8 24. Be4 Rxb2 25. Bd3 Bf5 26. a4 Bxd3 27. cxd3 Rb3 28. Rd1 Ra3 29. Kf1 f5 30. Ke2 Rxa4 31. Rb1 Ra2+ 32. Ke1 Ra3 33. Kd2 Ra2+ 34. Ke1 Ra3 35. Ke2 Ra2+ 36. Kf3 Rd2 37. Rb3 Kf7 38. Ra3 Kf6 39. h4 a5 40. c5 Ke5 41. c6 Kd6 42. c7 Kxc7 43. Rxa5 Rxd3+ 44. Ke2 Rb3 45. Ra7+ Kd6 46. Rxg7 Ke5 47. Rxg6 Rh3 48. Rh6 Kf4 49. Rd6 Ke4 50. Re6+ Kd5 51. Rf6 Ke4 52. Re6+ Kf4 53. Rd6 Ke5 54. Rh6 Kd5 55. Rh8 Ke4 56. Re8+ Kf4 57. Rd8 Ke4 58. Re8+ Kf4 59. Rd8 Ke4 60. Re8+ Kd5 61. Rd8+ Kc4 62. Rf8 Kc3 63. Rc8+ Kb3 64. Rf8 Kc2 65. Rc8+ Kb3 66. Rf8 Kc3 67. Rc8+ Kb3 68. Rf8 Kc2 69. Rc8+ Kb2 70. Rf8 Kc3 71. Rc8+ Kb3 72. Rf8 Kc2 73. Rc8+ Kb2 74. Rf8 Kc2 75. Rc8+ Kb3 76. Rf8 Kc3 77. Rc8+ Kb3 78. Rf8 Kc3 79. Rc8+ Kb2 80. Rf8 Kc3 81. Rc8+ Kb3 82. Rf8 d3+ 83. Kd2 Rf3 84. Rc8 Kb4 85. h5 Rxf2+ 86. Kxd3 Rh2 87. Rh8 Kc5 88. Ke3 Kd5 89. Kf4 Ke6 90. Rh6+ Kf7 91. Kxf5 Rf2+ 92. Kg4 Rg2+ 93. Kf3 Rg1 94. Rh7+ Kf6 95. Ra7 Rh1 1/2-1/2

[Event "Olympiad-42"]
[Site "Baku"]
[Date "2016.09.05"]
[Round "4.3"]
[White "Sanches, Casanova Romario"]
[Black "Sabar, Ethmane Daouda"]
[Result "1-0"]
[WhiteElo "2082"]
[BlackElo "2063"]
[PlyCount "135"]
[EventDate "2016.09.02"]
[EventType "team-swiss"]
[EventRounds "11"]
[EventCountry "AZE"]
[SourceTitle "CBM 175"]
[Source "ChessBase"]
[SourceDate "2016.11.10"]
[SourceVersion "1"]
[SourceVersionDate "2016.11.10"]
[SourceQuality "1"]
[WhiteTeam "Surinam"]
[BlackTeam "Mauritania"]
[WhiteTeamCountry "SUR"]
[BlackTeamCountry "MAU"]

1. e4 e5 2. Bc4 Nf6 3. d3 d5 4. exd5 Nxd5 5. Nf3 Nc6 6. 0-0 Be7 7. Re1 0-0 8. Nc3 Nxc3 9. bxc3 Bf6 10. Nd2 Na5 11. Bb5 c6 12. Ba4 b5 13. Bb3 Nxb3 14. axb3 g6 15. Qf3 Bd7 16. Ne4 Be7 17. Ba3 f5 18. Nc5 Bxc5 19. Bxc5 Re8 20. Bxa7 e4 21. dxe4 fxe4 22. Qe3 Qh4 23. Bd4 Bf5 24. h3 g5 25. c4 Qf4 26. Qc3 Bg6 27. cxb5 cxb5 28. Rxa8 Rxa8 29. Qc6 Rd8 30. Be3 Qf5 31. Qc7 Rc8 32. Qe7 Re8 33. Qxg5 Qxg5 34. Bxg5 Rc8 35. Rc1 e3 36. Bxe3 Bxc2 37. b4 Kf7 38. Bc5 Bd3 39. Rd1 Rd8 40. Re1 Rd7 41. Kh2 Kf6 42. g4 Bc4 43. Kg3 Rd3+ 44. Re3 Rxe3+ 45. Bxe3 Bf1 46. f4 Be2 47. Bd4+ Kg6 48. Kh4 Bf1 49. f5+ Kf7 50. Kg3 Bd3 51. Kf4 Bf1 52. h4 Be2 53. Kg5 Bd1 54. h5 Be2 55. Kh4 Bd3 56. Kg5 Be2 57. Kf4 Bd1 58. h6 Kg8 59. g5 Bh5 60. Bf6 Be8 61. Ke5 Bf7 62. Kd6 Be8 63. Ke7 Bh5 64. Bd4 Bg4 65. Kf6 Bh5 66. g6 Bg4 67. Kg5 Bh3 68. f6 1-0

[Event "Olympiad-42"]
[Site "Baku"]
[Date "2016.09.03"]
[Round "2.3"]
[White "Kassis, Antoine"]
[Black "Sanches, Casanova Romario"]
[Result "1/2-1/2"]
[WhiteElo "2142"]
[BlackElo "2082"]
[PlyCount "74"]
[EventDate "2016.09.02"]
[EventType "team-swiss"]
[EventRounds "11"]
[EventCountry "AZE"]
[SourceTitle "CBM 175"]
[Source "ChessBase"]
[SourceDate "2016.11.10"]
[SourceVersion "1"]
[SourceVersionDate "2016.11.10"]
[SourceQuality "1"]
[WhiteTeam "Lebanon"]
[BlackTeam "Surinam"]
[WhiteTeamCountry "LBN"]
[BlackTeamCountry "SUR"]

1. e4 g6 2. d4 Bg7 3. Nf3 d6 4. Nc3 a6 5. Be3 b5 6. Qd2 Bb7 7. Bd3 Nd7 8. a4 b4 9. Ne2 a5 10. c3 c5 11. d5 h5 12. Ng5 Ngf6 13. h3 Ba6 14. f4 Bxd3 15. Qxd3 0-0 16. 0-0 Nh7 17. Nf3 Rb8 18. f5 gxf5 19. exf5 bxc3 20. bxc3 Nhf6 21. Kh1 Qc7 22. Ng3 Rb2 23. Bc1 Rb3 24. Qc4 Rfb8 25. Bg5 Rb2 26. Qh4 Rc2 27. Nxh5 Nxh5 28. Qxh5 Rbb2 29. Bc1 Nf6 30. Qh4 Rb3 31. Bh6 Rcxc3 32. Qg5 Ne8 33. Bxg7 Nxg7 34. f6 exf6 35. Qxf6 Qd7 36. Ng5 Rxh3+ 37. gxh3 Rxh3+ 1/2-1/2

[Event "Olympiad-42"]
[Site "Baku"]
[Date "2016.09.02"]
[Round "1.1"]
[White "Sanches, Casanova Romario"]
[Black "Predojevic, Borki"]
[Result "0-1"]
[WhiteElo "2082"]
[BlackElo "2642"]
[PlyCount "76"]
[EventDate "2016.09.02"]
[EventType "team-swiss"]
[EventRounds "11"]
[EventCountry "AZE"]
[SourceTitle "CBM 175"]
[Source "ChessBase"]
[SourceDate "2016.11.10"]
[SourceVersion "1"]
[SourceVersionDate "2016.11.10"]
[SourceQuality "1"]
[WhiteTeam "Surinam"]
[BlackTeam "Bosnia&Herzegovina"]
[WhiteTeamCountry "SUR"]
[BlackTeamCountry "BIH"]

1. Nf3 c5 2. g3 Nc6 3. Bg2 g6 4. 0-0 Bg7 5. c4 Nh6 6. Nc3 Nf5 7. Rb1 b6 8. a3 Bb7 9. e3 0-0 10. Ne2 d5 11. d3 dxc4 12. dxc4 Na5 13. Qc2 Nd6 14. Nd2 Bxg2 15. Kxg2 Ndxc4 16. Nxc4 Qd5+ 17. e4 Qxc4 18. Qxc4 Nxc4 19. b3 Nd6 20. f3 Rfd8 21. Bb2 Nb5 22. a4 Rd2 23. Bxg7 Rxe2+ 24. Rf2 Rxf2+ 25. Kxf2 Na3 26. Ra1 Nc2 27. Rc1 Nb4 28. Bh6 Nd3+ 29. Ke2 Nxc1+ 30. Bxc1 Rd8 31. Be3 f6 32. f4 Kf7 33. g4 e5 34. fxe5 fxe5 35. h4 Ke6 36. g5 Rd4 37. Bxd4 exd4 38. Kd2 Ke5 0-1

[Event "Porlamar Mata Figueroa Memorial"]
[Site "Porlamar"]
[Date "2015.08.28"]
[Round "9"]
[White "Sanches, Casanova Romario"]
[Black "Marichal Gonzalez, Ariel"]
[Result "0-1"]
[WhiteElo "2090"]
[BlackElo "2366"]
[PlyCount "74"]
[EventDate "2015.08.22"]
[EventType "swiss"]
[EventRounds "9"]
[EventCountry "VEN"]
[SourceTitle "EXT 2018"]
[Source "ChessBase"]
[SourceDate "2017.10.13"]
[SourceVersion "1"]
[SourceVersionDate "2017.10.13"]
[SourceQuality "1"]

1. e4 c5 2. Nf3 d6 3. d4 cxd4 4. Nxd4 Nf6 5. Nc3 e6 6. Be3 Be7 7. Be2 0-0 8. 0-0 Nc6 9. Kh1 Qc7 10. Qe1 Bd7 11. Rd1 Nxd4 12. Bxd4 Bc6 13. Bd3 e5 14. Be3 a6 15. f4 Ng4 16. Bg1 exf4 17. Rxf4 Ne5 18. Qg3 b5 19. Bd4 g6 20. h4 b4 21. Ne2 Qa5 22. Ng1 Nxd3 23. cxd3 Qh5 24. Rc1 Rac8 25. Be3 f5 26. exf5 Rxf5 27. Rfc4 Rc5 28. Bxc5 dxc5 29. Qg4 Qxg4 30. Rxg4 Bd7 31. Re4 Bf6 32. Rec4 Bxb2 33. R1c2 Bc3 34. R4xc3 bxc3 35. Rxc3 Bb5 36. d4 c4 37. Nf3 Kf7 0-1

[Event "Paramaribo Srefidensi 2nd"]
[Site "Paramaribo"]
[Date "2014.11.24"]
[Round "8"]
[White "Sanches, Casanova Romario"]
[Black "Enkhtuul, Altanulzii"]
[Result "0-1"]
[WhiteElo "2110"]
[BlackElo "2236"]
[PlyCount "86"]
[EventDate "2014.11.20"]
[EventType "swiss"]
[EventRounds "9"]
[EventCountry "SUR"]
[SourceTitle "CBM 163 Extra"]
[Source "ChessBase"]
[SourceDate "2014.12.23"]
[SourceVersion "1"]
[SourceVersionDate "2014.12.23"]
[SourceQuality "1"]

1. e4 c5 2. Nc3 d6 3. g3 Nc6 4. Bg2 g6 5. d3 Bg7 6. Be3 Nf6 7. h3 0-0 8. Qd2 Nd4 9. Nce2 Nd7 10. c3 Nc6 11. Bh6 Bxh6 12. Qxh6 Nde5 13. Nc1 Qb6 14. Qd2 f5 15. f4 Nf7 16. Nf3 e5 17. Ne2 c4 18. exf5 Bxf5 19. dxc4 exf4 20. gxf4 Be4 21. 0-0-0 Na5 22. b3 Nxc4 23. Qd4 Ne3 24. Qxe4 Rae8 25. Qd4 Qa6 26. Rd2 Nxg2 27. Ng3 Nxf4 28. h4 Ne5 29. Nxe5 dxe5 30. Qe4 Rc8 31. Kb2 Qa5 32. Rc1 Rfd8 33. Rxd8+ Rxd8 34. Rc2 Rd1 35. b4 Qa4 36. Qc4+ Kg7 37. Nh5+ gxh5 38. Rg2+ Nxg2 39. Qe2 Nxh4 40. Qxe5+ Kf7 41. Qxh5+ Ng6 42. Qf3+ Kg7 43. Qxb7+ Qd7 0-1

[Event "SUR-ch"]
[Site "Paramaribo"]
[Date "2014.03.12"]
[Round "11"]
[White "Hanoeman, Suradj"]
[Black "Sanches, Casanova Romario"]
[Result "0-1"]
[WhiteElo "2030"]
[BlackElo "2064"]
[PlyCount "128"]
[EventDate "2014.02.16"]
[EventType "tourn"]
[EventRounds "13"]
[EventCountry "SUR"]
[SourceTitle "EXT 2018"]
[Source "ChessBase"]
[SourceDate "2017.10.13"]
[SourceVersion "1"]
[SourceVersionDate "2017.10.13"]
[SourceQuality "1"]

1. d4 Nf6 2. c4 g6 3. Nc3 Bg7 4. e4 d6 5. f3 0-0 6. Be3 Nc6 7. Qd2 a6 8. g4 Rb8 9. Nge2 b5 10. Ng3 b4 11. Nd5 e5 12. dxe5 Nxe5 13. Be2 a5 14. 0-0 Ba6 15. Rac1 Nxd5 16. cxd5 Bxe2 17. Qxe2 Nd7 18. Kg2 b3 19. a3 Qf6 20. Rf2 Rfc8 21. Qd2 a4 22. Rc4 Nb6 23. Rc6 Ra8 24. Qc1 Qd8 25. Ne2 Nd7 26. Qd2 Ne5 27. Rc1 c6 28. dxc6 Rxc6 29. Rxc6 Nxc6 30. Nc3 Ne5 31. Bd4 Qh4 32. Ne2 Rc8 33. Bc3 Nc4 34. Qc1 Bh6 35. f4 Qxg4+ 36. Ng3 Qd7 37. Qe1 Qa7 38. Rf3 Qb7 39. Nf5 gxf5 40. Qg3+ Kf8 41. Qh4 Qxe4 42. Qxh6+ Ke8 43. Kf2 Qc2+ 44. Kg3 Nd2 45. Re3+ Ne4+ 46. Kh3 Rxc3 47. bxc3 b2 48. Qxd6 b1Q 49. Qc6+ Kd8 50. Qd5+ Kc7 51. Qxf7+ Kb8 52. Qe8+ Ka7 53. Qd7+ Qb7 54. Qd4+ Qb6 55. Qd7+ Kb8 56. Qe8+ Kc7 57. Qf7+ Kc6 58. Qe8+ Kb7 59. Qd7+ Qc7 60. Qd5+ Ka7 61. Qd4+ Ka6 62. Qd5 Qb1 63. Qa8+ Kb6 64. Rf3 Qd1 0-1